[Event "AUTO-OPEN-347"]
[Site "http://www.queenalice.com/game.php?id=161120"]
[Date "2007.1.30"]
[Round "2"]
[White "Artking"]
[Black "Stingray"]
[Result "0-1"]
[WhiteElo "1810"]
[BlackElo "1897"]

1. e4 c5 2. Nf3 d6 3. d4 cxd4 4. Nxd4 Nf6 5. Nc3 a6 6. Be3 e6 7. Bc4 Be7 8. f3
Nbd7 9. Qd2 b5 10. Bb3 Bb7 11. O-O-O Nc5 12. Kb1 O-O 13. g4 Qc7 14. h4 Nxb3 15.
cxb3 b4 16. Na4 Nxe4 17. fxe4 Bxe4+ 18. Ka1 Bxh1 19. Rxh1 Qb7 20. Rg1 Bxh4 21.
g5 Rac8 22. g6 fxg6 23. Nxe6 Rfe8 0-1

[Event "AUTO-OPEN-347"]
[Site "http://www.queenalice.com/game.php?id=161121"]
[Date "2007.1.30"]
[Round "2"]
[White "Stingray"]
[Black "Artking"]
[Result "1-0"]
[WhiteElo "1884"]
[BlackElo "1819"]

1. e4 c5 2. Nf3 d6 3. d4 cxd4 4. Nxd4 a6 5. Nc3 Nf6 6. Bg5 e6 7. f4 Bd7 8. Qf3
Nc6 9. Nb3 Rc8 10. Be2 h6 11. Bh4 Be7 12. O-O-O g5 13. fxg5 Nh7 14. Rhf1 hxg5
15. Qxf7# 1-0

[Event "AUTO-OPEN-347"]
[Site "http://www.queenalice.com/game.php?id=161124"]
[Date "2007.1.30"]
[Round "2"]
[White "bruno_santiago"]
[Black "Stingray"]
[Result "1-0"]
[WhiteElo "2065"]
[BlackElo "1900"]

1. e4 c5 2. Nf3 d6 3. d4 cxd4 4. Nxd4 Nf6 5. Nc3 Nc6 6. Be2 e6 7. O-O Be7 8. Be3
O-O 9. f4 Bd7 10. Kh1 a6 11. g4 1-0

[Event "AUTO-OPEN-347"]
[Site "http://www.queenalice.com/game.php?id=161125"]
[Date "2007.1.30"]
[Round "2"]
[White "Stingray"]
[Black "bruno_santiago"]
[Result "0-1"]
[WhiteElo "1910"]
[BlackElo "2055"]

1. d4 Nf6 2. c4 g6 3. Nc3 Bg7 4. e4 d6 5. f4 O-O 6. Be2 c6 7. Nf3 Nbd7 8. O-O
Qc7 9. e5 Ne8 10. Be3 b6 0-1

[Event "AUTO-ADV-239"]
[Site "http://www.queenalice.com/game.php?id=190855"]
[Date "2007.4.2"]
[Round "2"]
[White "jsm"]
[Black "Stingray"]
[Result "0-1"]
[WhiteElo "1868"]
[BlackElo "1885"]

1. e4 c5 2. Nf3 d6 3. Bb5+ Nc6 4. O-O Bd7 5. c4 Nf6 6. Nc3 e6 7. d3 Be7 8. a3
O-O 9. h3 Nd4 10. Bxd7 Nxd7 11. Be3 Nxf3+ 12. Qxf3 Ne5 13. Qe2 Rc8 14. f4 Nc6
15. f5 Bf6 16. Qg4 Qe7 17. Rac1 Kh8 18. Rf2 Ne5 19. Qe2 Bh4 20. Rff1 Rce8 21.
Kh2 Bf6 22. Rf2 Nc6 23. Rcf1 a6 24. g4 Be5+ 25. Bf4 Bd4 26. Rf3 Bf6 27. Qg2 Bh4
28. Bg3 Bxg3+ 29. Rxg3 b6 30. g5 exf5 31. Rxf5 Qb7 32. a4 Nd4 33. Rf2 Qd7 34.
Nd5 b5 35. axb5 axb5 36. cxb5 Nxb5 37. h4 Rb8 38. h5 Nc7 39. Ne3 Qe7 40. g6 fxg6
41. hxg6 Rxf2 42. Qxf2 Ne6 43. Nf5 Qf6 44. Rg2 hxg6 45. Nxd6 Kh7 46. Nc4 Nf4 47.
Rg4 Nxd3 48. Qg3 Qf2+ 49. Qxf2 Nxf2 50. Rh4+ Kg8 51. Kg3 g5 52. Rh2 Nxe4+ 53.
Kf3 Nf6 54. Re2 Rb4 55. Rc2 Rb3+ 56. Rc3 Rxc3+ 57. bxc3 Kf7 58. Nd2 Ke6 59. Nf1
Ke5 0-1

[Event "AUTO-ADV-239"]
[Site "http://www.queenalice.com/game.php?id=190856"]
[Date "2007.4.2"]
[Round "2"]
[White "Stingray"]
[Black "jsm"]
[Result "1-0"]
[WhiteElo "1864"]
[BlackElo "2100"]

1. d4 d5 2. c4 e5 3. dxe5 d4 4. Nf3 Nc6 5. Nbd2 Be6 6. e3 dxe3 7. fxe3 Qd7 8.
Be2 O-O-O 9. O-O Nge7 10. c5 Ng6 11. Ne4 Ncxe5 12. Qxd7+ Rxd7 13. Nxe5 Nxe5 14.
b4 Be7 15. Bb2 f6 16. Bxe5 fxe5 17. Rac1 Rdd8 18. Bc4 Bxc4 19. Rxc4 Rhf8 20.
Rxf8 Rxf8 21. b5 h6 22. c6 b6 23. g4 g5 24. Ng3 Rf7 25. Kg2 Bd6 26. Nf5 Rf6 27.
Kf3 h5 28. Ke4 hxg4 29. Nxd6+ cxd6 30. Kd5 g3 31. hxg3 Kc7 32. Ra4 Kb8 33. e4 g4
34. c7+ Kxc7 35. Rxa7+ Kb8 36. Rg7 Rf2 37. Rxg4 Rxa2 38. Kxd6 Rc2 39. Rg5 Rc8
40. g4 Rd8+ 41. Ke7 Rh8 42. Rxe5 1-0

[Event "AUTO-OPEN-411"]
[Site "http://www.queenalice.com/game.php?id=201225"]
[Date "2007.4.23"]
[Round "2"]
[White "Stingray"]
[Black "helbertjulio"]
[Result "1-0"]
[WhiteElo "1881"]
[BlackElo "1636"]

1. e4 e5 2. f4 exf4 3. Nf3 Be7 4. Bc4 Bh4+ 5. g3 fxg3 6. O-O gxh2+ 7. Nxh2 Qg5+
8. Kh1 Nf6 9. d4 Qg6 10. e5 Qe4+ 11. Nf3 Ng4 12. Nc3 Qc6 13. Bd5 Qg6 14. Nxh4
Qa6 15. Bxf7+ Kd8 16. Bg5+ Nf6 17. exf6 1-0

[Event "AUTO-OPEN-411"]
[Site "http://www.queenalice.com/game.php?id=201226"]
[Date "2007.4.23"]
[Round "2"]
[White "helbertjulio"]
[Black "Stingray"]
[Result "0-1"]
[WhiteElo "1630"]
[BlackElo "1857"]

1. e4 c5 2. Nf3 e6 3. Nc3 Nc6 4. Bb5 Nd4 5. O-O a6 6. Be2 Qc7 7. Nxd4 cxd4 8.
Nb1 Bd6 9. g3 Ne7 10. c3 Nc6 11. cxd4 Nxd4 12. Nc3 b5 13. Bg4 h5 14. Bxh5 b4 15.
Na4 Qc6 16. d3 Nc2 17. Rb1 Qxa4 18. b3 Qb5 19. Qxc2 Qxh5 20. h4 Qg6 21. Kg2 Rxh4
22. f4 Bb7 23. Be3 Rc8 24. Qf2 Bxe4+ 25. dxe4 Qxe4+ 26. Qf3 Rc2+ 27. Rf2 Rxf2+
28. Bxf2 Rh2+ 0-1

[Event "AUTO-OPEN-401"]
[Site "http://www.queenalice.com/game.php?id=241415"]
[Date "2007.7.17"]
[Round "3"]
[White "alexsoncini"]
[Black "Stingray"]
[Result "1-0"]
[WhiteElo "2002"]
[BlackElo "1887"]

1. d4 Nf6 2. Nf3 e6 3. e3 b6 4. Bd3 Bb7 5. O-O Be7 6. Nbd2 O-O 7. e4 d6 8. e5
dxe5 9. dxe5 Nd5 10. Nc4 Nb4 11. Be2 Qxd1 12. Bxd1 Ba6 13. b3 1-0

[Event "AUTO-OPEN-401"]
[Site "http://www.queenalice.com/game.php?id=241416"]
[Date "2007.7.17"]
[Round "3"]
[White "Stingray"]
[Black "alexsoncini"]
[Result "0-1"]
[WhiteElo "1876"]
[BlackElo "2013"]

1. d4 Nf6 2. c4 d5 3. cxd5 Nxd5 4. e4 Nf6 5. Nc3 c6 6. Nf3 Bg4 7. Qb3 Qb6 8.
Qxb6 axb6 9. Ne5 e6 10. h4 h6 11. f3 Bh5 12. g4 Bg6 0-1

[Event "AUTO-OPEN-401"]
[Site "http://www.queenalice.com/game.php?id=241417"]
[Date "2007.7.17"]
[Round "3"]
[White "QuickQuickSlow"]
[Black "Stingray"]
[Result "1-0"]
[WhiteElo "2173"]
[BlackElo "1861"]

1. e4 c5 2. Nf3 d6 3. d4 cxd4 4. Nxd4 Nc6 5. Bc4 Nf6 6. Nc3 e6 7. Be3 Be7 8. Qe2
a6 9. O-O-O Qc7 10. Bb3 Na5 11. g4 b5 12. g5 Nxb3+ 13. axb3 Nd7 14. h4 1-0

[Event "AUTO-OPEN-401"]
[Site "http://www.queenalice.com/game.php?id=241418"]
[Date "2007.7.17"]
[Round "3"]
[White "Stingray"]
[Black "QuickQuickSlow"]
[Result "0-1"]
[WhiteElo "1865"]
[BlackElo "2170"]

1. e4 c5 2. f4 d5 3. exd5 Qxd5 4. Nc3 Qd8 5. Nf3 Nc6 6. Bb5 Bd7 7. O-O Nf6 8.
Bxc6 Bxc6 9. Qe2 g6 10. Ne5 Qc7 11. Nb5 Bxb5 12. Qxb5+ Nd7 13. Nxd7 Qxd7 14.
Qxc5 Bg7 15. c3 O-O 0-1